000 00311nam a22001457a 4500
008 221104b ||||| |||| 00| 0 eng d
020 _a9781269885409
041 _aeng
080 _a004
082 _a004
100 _a18
101 _aSHK
245 _aWRITING FROM READINGS
_cWILHOIT S
942 _2udc
_cBK
999 _c58739
_d58739